| 000 | 01250nam a22002777a 4500 | ||
|---|---|---|---|
| 005 | 2008081101331.0 | ||
| 008 | 080811t xxu||||| |||| 00| 0 hin d | ||
| 010 | _aHIN-83897 | ||
| 020 | _c150.00 | ||
| 035 | _aHN-56243 | ||
| 037 | _bDBAD / PUB | ||
| 040 |
_aDPL _bHN |
||
| 082 | _a841 | ||
| 245 |
_aमहकते उजाले _b( हिन्दी-उर्दू काव्य-संग्रह )/ _cए.वी. भारती 'आदिक' |
||
| 246 |
_aMahakate ujale _bby A. V.Bharati 'Aadik' |
||
| 260 |
_aसोनीपत _bअदबी संगम हरियाणा _c2006 |
||
| 260 |
_aसोनीपत _bभारती पब्लिकेशन _c2006 |
||
| 270 |
_a12 / 516, Batra Colony _bSonipat _e131001 _k0130-2246390, 92555277788 |
||
| 300 |
_a304पृ. _c22 सेमी (सजिल्द) |
||
| 500 | _a42 रचनाकारों की रचनायें | ||
| 650 | _aऊर्दू कविता | ||
| 650 | _aUrdu Poetry | ||
| 700 | _aभारती, ए. वी. 'आदिक' | ||
| 942 |
_2ddc _cHN _h841 _mमहक |
||
| 999 |
_c14780 _d14780 |
||